Guess the WWII Japanese Puppet States - Statistics

General Stats
  • This quiz has been taken 80 times
  • The average score is 8 of 13
Answer Stats
Picture Answer % Correct
Azad Hind
96%
Second Philippine Republic
90%
Manchukuo
84%
Reorganized Government
82%
Kingdom of Kampuchea
78%
East Hebei & ROC
75%
State of Burma
74%
Empire of Vietnam
72%
Kingdom of Luang Prabang
65%
Mengjiang
53%
Municipal Government of Shanghai
22%
Reformed ROC
15%
Northeast Supreme Council
9%
No matching quizzes found
Score Distribution
Percent of People with Each Score
Percentile by Number Answered
Your Score History
You have not taken this quiz